| 000 | 01121nam a2200205 a 4500 | ||
|---|---|---|---|
| 001 | 46894 | ||
| 005 | 20180714030637.0 | ||
| 008 | 140415s1998 mx 000 0 spa d | ||
| 020 | _a9501232565 | ||
| 041 | _aspa | ||
| 082 |
_a370.15 _bIAN |
||
| 100 | 1 | _aIANNI, NORBERTO DANIEL | |
| 245 | 1 | 3 |
_aLA CONVIVENCIA EN LA ESCUELA UN HECHO, UNA CONSTRUCCION : _bHACIA UNA MODALIDAD DIFERENTE EN EL CAMPO DE LA PREVENCION |
| 250 | _a1a ed. | ||
| 260 |
_aMEXICO : _bPAIDOS SAICF, _c1998 |
||
| 300 |
_a409 _c22 x 15.05 x 1.4 |
||
| 520 | _aEL PROPÓSITO DE ESTE LIBRO ES INVITAR A SUS LECTORES A AVANZAR MÁS ALLÁ DE LO INEVITABLE DEL CONVIVIR, PARA LLEGAR A CONSTRUIR UNA CONVIVENCIA QUE EXIGE COMUNICACIÓN, PROYECTOS CREATIVOS Y PERSONALIZANTES, ASÍ COMO LA PARTICIPACIÓN DE ALUMNOS Y SUS REFERENTES ADULTOS, LOS ADOLESCENTES. TAL CONSTRUCCIÓN NO SÓLO ES CIMIENTO DEL APRENDIZAJE, EN TANTO PROMUEVE UN CLIMA QUE FACILITA LA CIRCULACIÓN Y APROPIACIÓN DEL CONOCIMIENTO, SINO TAMBIÉN CONSTITUYE UN VERDADERO PROGRAMA DE PREVENCIÓN | ||
| 650 | 1 | 4 | _aPSICOLOGIA EDUCATIVA |
| 700 | 1 |
_aPEREZ, ELENA _ecoaut. |
|
| 999 |
_c46894 _d46894 |
||